Issues in Economic theory and public policy : (Record no. 66046)

MARC details
000 -LEADER
fixed length control field 00711nam a22001817a 4500
005 - DATE AND TIME OF LATEST TRANSACTION
control field 20120503112036.0
020 ## - INTERNATIONAL STANDARD BOOK NUMBER
International Standard Book Number 0195639499
Terms of availability 00.00
035 ## - SYSTEM CONTROL NUMBER
System control number A-899281
037 ## - SOURCE OF ACQUISITION
Stock number DPL
Source of stock number/acquisition ENG
245 ## - TITLE STATEMENT
Title Issues in Economic theory and public policy :
Remainder of title Essays in honour of professor Tapas Majumdar /
Statement of responsibility, etc edited by Amitava Bose, Mihir Rakshit and Anup Sinha
260 ## - PUBLICATION, DISTRIBUTION, ETC. (IMPRINT)
Place of publication, distribution, etc Delhi
Name of publisher, distributor, etc Oxford University Press
Date of publication, distribution, etc 1997
300 ## - PHYSICAL DESCRIPTION
Extent x, 322
Dimensions 20 cms.
700 ## - ADDED ENTRY--PERSONAL NAME
Personal name Bose, Amitava
9 (RLIN) 46259
700 ## - ADDED ENTRY--PERSONAL NAME
Personal name Rakshit, Mihir
9 (RLIN) 46260
700 ## - ADDED ENTRY--PERSONAL NAME
Personal name Sinha, Anup
9 (RLIN) 46261
942 ## - ADDED ENTRY ELEMENTS (KOHA)
Source of classification or shelving scheme Dewey Decimal Classification
Item type English Books
Classification part 330
Call number suffix BOS
Holdings
Withdrawn status Lost status Not for loan Collection code Home library Current library Date acquired Cost, normal purchase price Full call number Barcode Cost, replacement price Koha item type
      Non-fiction Sarojini Nagar Sarojini Nagar 03/05/2012 0.00 330 BOS A-899281 0.00 English Books

© Delhi Public Library
Hit Counter
free hit counter